Statistics for ఆంధ్ర సరిహద్దులు

Click here to take the quiz!

General Stats

  • This quiz has been taken 11 times
  • The average score is 5 of 6

Answer Stats

% Correct
రాష్ట్రంఓఢ్రం
89%
రాష్ట్రంకర్ణాటం
89%
రాష్ట్రంతమిళనాడు
89%
రాష్ట్రంతెలంగాణ
89%
కేంద్రపాలిత ప్రాంతంపుదుచ్చేరి
67%
రాష్ట్రంఛత్తీస్గఢ్
44%

Score Distribution

Percentile by Number Answered

Percent of People with Each Score

Your Score History

You have not taken this quiz